000 00601nam a2200241 a 4500
001 nice12345678
003 IN_TiNIC
005 20260116012618.0
008 050524s1980 newa grp 000 0 eng
020 _a
_c80
082 0 0 _a954.55
_bUPR
100 _aUprety, Prem Raman
245 _aReligion and Politics in Punjab in the 1920`s.
260 _aNew Delhi
_bSterling Publishers
_c1980
300 _a222p
500 _aincludes index and biblioraphy
505 2 _aIndex
650 _aPanjab-History
700 1 _aUprety, Prem Raman
902 _bSRS
942 _cBK
999 _c7667
_d7667